[Event "Novi Sad TS IM 129th"]
[Site "Novi Sad"]
[Date "2020.02.15"]
[Round "3"]
[White "Laketic, Gojko"]
[Black "Hu, Zhiheng"]
[Result "1/2-1/2"]
[WhiteElo "2333"]
[BlackElo "2123"]
[PlyCount "45"]
[EventDate "2020.02.14"]
[EventType "tourn"]
[EventRounds "11"]
[EventCountry "SRB"]
[SourceTitle "CBM 195 Extra"]
[Source "ChessBase"]
[SourceDate "2020.05.31"]
[SourceVersion "1"]
[SourceVersionDate "2020.05.31"]
[SourceQuality "1"]

1. d4 d5 2. c4 c6 3. Nf3 Nf6 4. e3 e6 5. Nc3 Nbd7 6. Qc2 a6 7. b3 Bd6 8. Bb2 0-0 9. Bd3 e5 10. cxd5 cxd5 11. dxe5 Nxe5 12. Nxe5 Bxe5 13. Ne2 Bxb2 14. Qxb2 Bg4 15. 0-0 Bxe2 16. Bxe2 Rc8 17. Rac1 Qd7 18. Bf3 Rxc1 19. Rxc1 Rc8 20. g3 Rxc1+ 21. Qxc1 Ne4 22. Qc2 Qc6 23. Bxe4 1/2-1/2

[Event "Novi Sad TS IM 126th"]
[Site "Novi Sad"]
[Date "2020.02.05"]
[Round "6"]
[White "Panic, Nenad"]
[Black "Hu, Zhiheng"]
[Result "1/2-1/2"]
[WhiteElo "2321"]
[BlackElo "2123"]
[PlyCount "154"]
[EventDate "2020.02.01"]
[EventType "tourn"]
[EventRounds "9"]
[EventCountry "SRB"]
[SourceTitle "CBM 194 Extra"]
[Source "ChessBase"]
[SourceDate "2020.03.31"]
[SourceVersion "1"]
[SourceVersionDate "2020.03.31"]
[SourceQuality "1"]

1. c4 c6 2. Nf3 d5 3. e3 Nf6 4. Be2 e6 5. b3 Bd6 6. Bb2 Nbd7 7. cxd5 exd5 8. 0-0 0-0 9. d3 Qe7 10. a3 Ne5 11. Nxe5 Bxe5 12. Bxe5 Qxe5 13. Nd2 Qe7 14. d4 Ne4 15. Nxe4 Qxe4 16. b4 f5 17. g3 Bd7 18. Bf3 Qe6 19. h4 Kh8 20. Kg2 a6 21. Rh1 Rf6 22. Be2 Qe4+ 23. Bf3 Qe6 24. Qc2 Qf7 25. Rae1 Re8 26. Re2 Rh6 27. Qc1 Ree6 28. Qc5 Be8 29. Rc2 Rd6 30. a4 Rd8 31. Rhc1 Rhd6 32. Be2 Qe6 33. Kg1 Rb8 34. Qa7 Rdd8 35. Qb6 Qd6 36. Bd3 Bd7 37. b5 Qa3 38. Rc3 Qxa4 39. bxa6 bxa6 40. Qxa6 Qxa6 41. Bxa6 Kg8 42. Bd3 Kf7 43. Ra3 Ke6 44. Kg2 Kd6 45. Rc2 Ra8 46. Rca2 Rxa3 47. Rxa3 Rb8 48. Kf3 Rb2 49. Ra8 Ke6 50. Rf8 Ke7 51. Rg8 Kf6 52. Ra8 h6 53. Ra7 Be8 54. Kg2 Rd2 55. Bf1 Rb2 56. Rc7 Ra2 57. Bd3 Rd2 58. Ba6 Ra2 59. Bc8 Ra1 60. Rb7 Ra8 61. Rc7 Ra2 62. Kg1 Ra1+ 63. Kh2 Ra2 64. Kg2 Rc2 65. Ra7 Rc1 66. Ra8 Bf7 67. Bd7 Be6 68. Be8 c5 69. Ra6 Ke7 70. dxc5 d4 71. Bh5 dxe3 72. fxe3 Bd5+ 73. Kf2 Rc2+ 74. Ke1 Rxc5 75. Rg6 Kf8 76. Rd6 Ke7 77. Rg6 Kf8 1/2-1/2

[Event "Novi Sad TS 108th"]
[Site "Novi Sad"]
[Date "2019.02.15"]
[Round "7"]
[White "Markovic, Miroslav"]
[Black "Hu, Zhiheng"]
[Result "1-0"]
[WhiteElo "2384"]
[BlackElo "2123"]
[PlyCount "97"]
[EventDate "2019.02.12"]
[EventType "swiss"]
[EventRounds "9"]
[EventCountry "SRB"]
[SourceTitle "CBM 189 Extra"]
[Source "ChessBase"]
[SourceDate "2019.06.03"]
[SourceVersion "1"]
[SourceVersionDate "2019.06.03"]
[SourceQuality "1"]

1. e4 c5 2. Nf3 d6 3. Bb5+ Bd7 4. Bxd7+ Qxd7 5. 0-0 Nc6 6. c3 Nf6 7. Re1 e5 8. d4 Be7 9. Bg5 h6 10. Bxf6 Bxf6 11. dxc5 dxc5 12. Na3 0-0-0 13. Qa4 Kb8 14. Rad1 Qe7 15. Nc4 h5 16. Rd5 g5 17. Nfd2 h4 18. Nf1 g4 19. Qb5 Qe6 20. Qxc5 Be7 21. Qe3 h3 22. Qg3 Bh4 23. Rxd8+ Rxd8 24. Qxh4 Qxc4 25. Qxg4 hxg2 26. Ne3 Qxa2 27. b4 Qd2 28. Rd1 Qxc3 29. Rxd8+ Nxd8 30. Qd7 Qa1+ 31. Kxg2 Qd4 32. Qxd4 exd4 33. Nd5 Ne6 34. f4 b6 35. f5 Ng7 36. Kf3 Kc8 37. Ke2 Kd7 38. Kd3 Kc6 39. Kxd4 a5 40. h4 Nh5 41. bxa5 bxa5 42. Nc3 Ng3 43. Ke5 Nh5 44. f6 Kc5 45. Kf5 Kc4 46. Na4 Kb5 47. Nb2 a4 48. Nxa4 Kxa4 49. e5 1-0

[Event "Novi Sad TS 108th"]
[Site "Novi Sad"]
[Date "2019.02.13"]
[Round "3"]
[White "Yanjinlkham, Bayarsaikhan"]
[Black "Hu, Zhiheng"]
[Result "1/2-1/2"]
[WhiteElo "1950"]
[BlackElo "2123"]
[PlyCount "72"]
[EventDate "2019.02.12"]
[EventType "swiss"]
[EventRounds "9"]
[EventCountry "SRB"]
[SourceTitle "CBM 189 Extra"]
[Source "ChessBase"]
[SourceDate "2019.06.03"]
[SourceVersion "1"]
[SourceVersionDate "2019.06.03"]
[SourceQuality "1"]

1. d4 Nf6 2. c4 e6 3. g3 c5 4. d5 exd5 5. cxd5 d6 6. Nc3 g6 7. Bg2 Bg7 8. Nf3 0-0 9. 0-0 Re8 10. h3 a6 11. a4 Ne4 12. Ra3 Nd7 13. Nd2 Nxd2 14. Bxd2 b6 15. Ne4 Nf6 16. Bg5 Bf5 17. Re3 Bxe4 18. Bxe4 h6 19. Bxf6 Bxf6 20. Qc2 b5 21. Ra1 Bd4 22. Bxg6 Bxe3 23. Bxf7+ Kh8 24. Bxe8 Qxe8 25. fxe3 Qxe3+ 26. Kg2 Re8 27. axb5 axb5 28. Ra7 Qxe2+ 29. Qxe2 Rxe2+ 30. Kf3 Re5 31. Rd7 Rxd5 32. Ke4 Re5+ 33. Kf4 Rd5 34. Ke4 Rg5 35. g4 Re5+ 36. Kf4 Rd5 1/2-1/2

[Event "Novi Sad TS IM 109th"]
[Site "Novi Sad"]
[Date "2019.02.11"]
[Round "9"]
[White "Jovanovic, Bojan P"]
[Black "Hu, Zhiheng"]
[Result "1/2-1/2"]
[WhiteElo "2270"]
[BlackElo "2097"]
[PlyCount "144"]
[EventDate "2019.02.07"]
[EventType "tourn"]
[EventRounds "9"]
[EventCountry "SRB"]
[SourceTitle "CBM 189 Extra"]
[Source "ChessBase"]
[SourceDate "2019.06.03"]
[SourceVersion "1"]
[SourceVersionDate "2019.06.03"]
[SourceQuality "1"]

1. d4 d5 2. Bf4 Nf6 3. e3 c5 4. c3 Nc6 5. Nf3 Qb6 6. Qc2 cxd4 7. exd4 Bf5 8. Qb3 Qxb3 9. axb3 e6 10. Nbd2 Nh5 11. Be3 Bd6 12. Nh4 Bc2 13. Rc1 Bg6 14. g3 Nf6 15. Be2 Bh5 16. f3 0-0 17. Kf2 Ne7 18. Ng2 Bg6 19. g4 Nc6 20. h4 h5 21. g5 Nd7 22. f4 f6 23. Kg1 e5 24. Nf1 exd4 25. cxd4 Rac8 26. Ra1 a6 27. Ng3 Nb4 28. Bxh5 Bxh5 29. Nxh5 Rc2 30. Rb1 Nd3 31. Rh3 g6 32. Nxf6+ Nxf6 33. gxf6 Rxf6 34. Rf3 Re6 35. Rbf1 Re4 36. Rg3 Kf7 37. Rgf3 Rxb2 38. Kh1 Ke6 39. Rg3 Kf7 40. Rgf3 Kg7 41. Rg3 Kf6 42. Rgf3 Ke7 43. Rg3 b5 44. Rxg6 Rxg2 45. Rxg2 Rxe3 46. f5 Nf4 47. Rg4 Nh5 48. Ra1 Rxb3 49. Rxa6 Ng3+ 50. Kg2 Nxf5 51. Rg5 Rb2+ 52. Kg1 Nxd4 53. Rg7+ Kf8 54. Rd7 Ne2+ 55. Kg2 Nd4+ 56. Kf1 Be7 57. Rxd5 Nc2 58. Rd2 Bxh4 59. Rc6 Rb1+ 60. Kg2 Ne3+ 61. Kf3 Nc4 62. Re2 Rf1+ 63. Ke4 Re1 64. Rxe1 Bxe1 65. Rc5 Na3 66. Rc1 Bd2 67. Rc7 Ke8 68. Kd3 Be1 69. Ra7 Nc4 70. Kc2 Bb4 71. Kb3 Be7 72. Rc7 Kf7 1/2-1/2

[Event "Novi Sad TS IM 109th"]
[Site "Novi Sad"]
[Date "2019.02.08"]
[Round "4"]
[White "Hu, Zhiheng"]
[Black "Runic, Zoran"]
[Result "0-1"]
[WhiteElo "2097"]
[BlackElo "2346"]
[PlyCount "72"]
[EventDate "2019.02.07"]
[EventType "tourn"]
[EventRounds "9"]
[EventCountry "SRB"]
[SourceTitle "CBM 189 Extra"]
[Source "ChessBase"]
[SourceDate "2019.06.03"]
[SourceVersion "1"]
[SourceVersionDate "2019.06.03"]
[SourceQuality "1"]

1. d4 Nf6 2. c4 c5 3. d5 e5 4. Nc3 d6 5. e4 Be7 6. Bd3 Nbd7 7. Nge2 Nf8 8. Bd2 h5 9. Qc2 a6 10. a4 Bd7 11. h3 h4 12. 0-0-0 Nh5 13. f4 Bf6 14. Rhf1 Ng6 15. Kb1 exf4 16. Nxf4 Ngxf4 17. Bxf4 Nxf4 18. Rxf4 Be5 19. Rf3 Qa5 20. Qf2 f6 21. Bc2 b5 22. Kc1 bxa4 23. Nxa4 Rb8 24. Nc3 Ke7 25. Rdd3 Rb4 26. b3 Qa3+ 27. Kd2 Rxb3 28. Bxb3 Qxb3 29. Rf5 Qb2+ 30. Ke3 Bxc3 31. Qxb2 Bxb2 32. Rf1 Rb8 33. Rd2 a5 34. Kd3 a4 35. Rb1 a3 36. Kc2 Ba4+ 0-1

[Event "Novi Sad TS IM 109th"]
[Site "Novi Sad"]
[Date "2019.02.08"]
[Round "3"]
[White "Mendonca, Leon Luke"]
[Black "Hu, Zhiheng"]
[Result "1-0"]
[WhiteElo "2376"]
[BlackElo "2097"]
[PlyCount "111"]
[EventDate "2019.02.07"]
[EventType "tourn"]
[EventRounds "9"]
[EventCountry "SRB"]
[SourceTitle "CBM 189 Extra"]
[Source "ChessBase"]
[SourceDate "2019.06.03"]
[SourceVersion "1"]
[SourceVersionDate "2019.06.03"]
[SourceQuality "1"]

1. d4 d5 2. c4 dxc4 3. Nf3 Nf6 4. g3 c5 5. Qa4+ Qd7 6. Qxc4 cxd4 7. Nxd4 e5 8. Nb5 Nc6 9. Bg2 a6 10. N5c3 Na5 11. Qh4 Qg4 12. Bg5 Qxh4 13. Bxh4 Be6 14. Nd2 Bb4 15. Rc1 Rc8 16. 0-0 0-0 17. Bxf6 gxf6 18. Ndb1 Rfd8 19. b3 Kg7 20. Na4 Rxc1 21. Rxc1 Rc8 22. Rxc8 Bxc8 23. a3 Be7 24. b4 Nc6 25. Kf1 Bf5 26. Nd2 a5 27. Bxc6 bxc6 28. bxa5 Bc8 29. Nc4 Ba6 30. Nab6 Kf8 31. Ke1 Ke8 32. Kd2 Kd8 33. Kc3 Kc7 34. e3 Bc5 35. Na4 Be7 36. Nab6 Bc5 37. f4 h5 38. Na4 Bf8 39. Nab6 Bc5 40. Na4 Bf8 41. Nab2 c5 42. Kd3 Bg7 43. Ke4 Bb7+ 44. Kd3 e4+ 45. Kc3 f5+ 46. Kb3 Bd5 47. Na4 Kc6 48. Nab6 Bxc4+ 49. Kxc4 Bb2 50. a4 Bc1 51. Nd5 Bd2 52. a6 Be1 53. Ne7+ Kb6 54. a7 Kxa7 55. Kxc5 h4 56. gxh4 1-0

[Event "Novi Sad TS IM 109th"]
[Site "Novi Sad"]
[Date "2019.02.07"]
[Round "1"]
[White "Savic, Miodrag R"]
[Black "Hu, Zhiheng"]
[Result "1/2-1/2"]
[WhiteElo "2486"]
[BlackElo "2097"]
[PlyCount "89"]
[EventDate "2019.02.07"]
[EventType "tourn"]
[EventRounds "9"]
[EventCountry "SRB"]
[SourceTitle "CBM 189 Extra"]
[Source "ChessBase"]
[SourceDate "2019.06.03"]
[SourceVersion "1"]
[SourceVersionDate "2019.06.03"]
[SourceQuality "1"]

1. e4 c5 2. c3 Nf6 3. e5 Nd5 4. Nf3 d6 5. d4 cxd4 6. Qxd4 e6 7. exd6 a6 8. c4 Nb4 9. Qc3 Qxd6 10. Be3 Nd7 11. a3 Nc6 12. Nbd2 Nce5 13. Nxe5 Qxe5 14. Qxe5 Nxe5 15. 0-0-0 Bd7 16. Bd4 Ng6 17. h4 f6 18. h5 Ne7 19. Ne4 Nf5 20. Bb6 Bc6 21. Bd3 Nd6 22. Rhe1 Kf7 23. g3 Rc8 24. Kb1 Bxe4 25. Bxe4 Nxc4 26. Bxb7 Nxb6 27. Bxc8 Nxc8 28. Rd8 Nb6 29. Rc1 Nd5 30. Rc6 Rg8 31. Rcc8 g5 32. hxg6+ hxg6 33. Ra8 g5 34. g4 Rh8 35. Ka2 Ne7 36. b4 f5 37. a4 Ng6 38. gxf5 exf5 39. Ra7+ Ne7 40. b5 axb5 41. axb5 Bg7 42. Rdd7 Bf6 43. b6 Ke6 44. Rd2 Rh1 45. b7 1/2-1/2

[Event "CHN-chB"]
[Site "Jiangmen"]
[Date "2018.07.20"]
[Round "5"]
[White "Chen, Fan"]
[Black "Hu, Zhiheng"]
[Result "1-0"]
[WhiteElo "2367"]
[BlackElo "1964"]
[PlyCount "35"]
[EventDate "2018.07.18"]
[EventType "swiss"]
[EventRounds "11"]
[EventCountry "CHN"]
[SourceTitle "CBM 185 Extra"]
[Source "ChessBase"]
[SourceDate "2018.07.29"]
[SourceVersion "1"]
[SourceVersionDate "2018.07.29"]
[SourceQuality "1"]

1. e4 c5 2. Nf3 d6 3. Bb5+ Bd7 4. a4 Nf6 5. Qe2 a6 6. Bxd7+ Qxd7 7. 0-0 Nc6 8. Na3 b6 9. Rd1 e5 10. c3 Qg4 11. d3 Be7 12. Nc4 Rb8 13. Bg5 b5 14. axb5 axb5 15. Bxf6 gxf6 16. Ne3 Qd7 17. Nh4 Rg8 18. Qh5 1-0

[Event "Novi Sad TS IM 65th"]
[Site "Novi Sad"]
[Date "2018.02.15"]
[Round "7"]
[White "Rogac, Srdjan"]
[Black "Hu, Zhiheng"]
[Result "1-0"]
[WhiteElo "2345"]
[BlackElo "1953"]
[PlyCount "51"]
[EventDate "2018.02.11"]
[EventType "tourn"]
[EventRounds "9"]
[EventCountry "SRB"]
[SourceTitle "CBM 183 Extra"]
[Source "ChessBase"]
[SourceDate "2018.04.19"]
[SourceVersion "1"]
[SourceVersionDate "2018.04.19"]
[SourceQuality "1"]

1. Nf3 d5 2. b3 Bf5 3. Bb2 Nd7 4. g3 Ngf6 5. Bg2 e6 6. 0-0 Bd6 7. d3 0-0 8. Nbd2 e5 9. c4 c6 10. cxd5 cxd5 11. e4 Bg4 12. h3 Bxf3 13. Nxf3 d4 14. a3 b5 15. Nh4 g6 16. Rc1 Qe7 17. f4 Nh5 18. Nf5 gxf5 19. Qxh5 Nc5 20. exf5 Rac8 21. Qg4+ Kh8 22. f6 Qxf6 23. fxe5 Qg6 24. Qxg6 fxg6 25. exd6 Rxf1+ 26. Bxf1 1-0

[Event "Novi Sad TS IM 65th"]
[Site "Novi Sad"]
[Date "2018.02.12"]
[Round "2"]
[White "Hu, Zhiheng"]
[Black "Stocko, Josip"]
[Result "1/2-1/2"]
[WhiteElo "1953"]
[BlackElo "2308"]
[PlyCount "99"]
[EventDate "2018.02.11"]
[EventType "tourn"]
[EventRounds "9"]
[EventCountry "SRB"]
[SourceTitle "CBM 183 Extra"]
[Source "ChessBase"]
[SourceDate "2018.04.19"]
[SourceVersion "1"]
[SourceVersionDate "2018.04.19"]
[SourceQuality "1"]

1. d4 Nf6 2. c4 e6 3. Nc3 Bb4 4. f3 c5 5. d5 0-0 6. e4 Re8 7. dxe6 Rxe6 8. Nge2 Nc6 9. g3 a6 10. Bh3 Re8 11. 0-0 h6 12. b3 d6 13. Bxc8 Rxc8 14. Bb2 Rb8 15. a4 Qa5 16. Nb5 axb5 17. axb5 Qd8 18. bxc6 bxc6 19. Ra6 Rc8 20. Nf4 Rf8 21. Qa1 Ne8 22. Rd1 Qg5 23. Kg2 Qe7 24. Qa4 Nc7 25. Rb6 Ra8 26. Qxc6 Ra2 27. Nd3 Bc3 28. Rb1 Ne6 29. Qxd6 Qf6 30. Nxc5 Bxb2 31. Qxf8+ Nxf8 32. Rxf6 Bxf6+ 33. Kh3 Bd4 34. Nb7 Ne6 35. b4 h5 36. f4 Bf6 37. Rh1 g5 38. fxg5 Nxg5+ 39. Kh4 Nxe4+ 40. Kxh5 Kg7 41. Na5 Nf2 42. Rf1 Re2 43. Nc6 Nd3 44. h4 Re4 45. Rf3 Ne1 46. Rf4 Re3 47. Rg4+ Kf8 48. b5 Rb3 49. Rf4 Kg7 50. Kg4 1/2-1/2

[Event "Prague Summer op 4th"]
[Site "Prague"]
[Date "2017.08.07"]
[Round "5"]
[White "Hu, Zhiheng"]
[Black "Haase, Pavel"]
[Result "1/2-1/2"]
[WhiteElo "1829"]
[BlackElo "2177"]
[PlyCount "101"]
[EventDate "2017.08.04"]
[EventType "swiss"]
[EventRounds "9"]
[EventCountry "CZE"]
[SourceTitle "CBM 179 Extra"]
[Source "ChessBase"]
[SourceDate "2017.08.23"]
[SourceVersion "1"]
[SourceVersionDate "2017.08.23"]
[SourceQuality "1"]

1. d4 Nf6 2. c4 g6 3. Nc3 d5 4. Qb3 dxc4 5. Qxc4 Bg7 6. Nf3 0-0 7. e4 c6 8. Be3 b5 9. Qb3 Be6 10. Qc2 Ng4 11. Be2 Nxe3 12. fxe3 Na6 13. a3 Qb6 14. 0-0 Bh6 15. Nd1 Rac8 16. Rc1 f6 17. b4 Kh8 18. Ne1 Bd7 19. Qc3 Rce8 20. Nf3 Nc7 21. Kh1 Ra8 22. d5 e5 23. dxc6 Be6 24. Qc5 Qxc5 25. Rxc5 a5 26. Nc3 axb4 27. axb4 Rfc8 28. Nxb5 Nxb5 29. Bxb5 Bf8 30. Bc4 Bxc5 31. Bxe6 Bxb4 32. Bxc8 Rxc8 33. Rc1 Kg7 34. Rc4 Ba5 35. Kg1 Kf7 36. Kf2 Ke6 37. g4 Kd6 38. Ng1 Rxc6 39. Rxc6+ Kxc6 40. Ne2 Kc5 41. Ng3 Kc4 42. Ke2 Kc5 43. h4 Kd6 44. h5 Ke6 45. hxg6 hxg6 46. Nf1 Bb4 47. Nh2 Bf8 48. Nf3 Bh6 49. Kd3 f5 50. gxf5+ gxf5 51. exf5+ 1/2-1/2

[Event "Prague Summer op 4th"]
[Site "Prague"]
[Date "2017.08.06"]
[Round "4"]
[White "Mikes, Jan"]
[Black "Hu, Zhiheng"]
[Result "1/2-1/2"]
[WhiteElo "2253"]
[BlackElo "1829"]
[PlyCount "136"]
[EventDate "2017.08.04"]
[EventType "swiss"]
[EventRounds "9"]
[EventCountry "CZE"]
[SourceTitle "CBM 179 Extra"]
[Source "ChessBase"]
[SourceDate "2017.08.23"]
[SourceVersion "1"]
[SourceVersionDate "2017.08.23"]
[SourceQuality "1"]

1. e4 c5 2. Nf3 d6 3. d4 cxd4 4. Nxd4 Nf6 5. Nc3 a6 6. h3 e5 7. Nde2 Be6 8. g4 d5 9. exd5 Nxd5 10. Bg2 Nxc3 11. Qxd8+ Kxd8 12. Nxc3 Nc6 13. Be3 Kc7 14. 0-0-0 Rd8 15. Rxd8 Kxd8 16. Nd5 Bxd5 17. Bxd5 f6 18. Bb6+ Kd7 19. Rd1 Bd6 20. c4 Ke7 21. a3 Rc8 22. b4 h6 23. c5 Bc7 24. Bxc6 bxc6 25. Bxc7 Rxc7 26. Rd6 a5 27. bxa5 Ra7 28. Rxc6 Rxa5 29. Rc7+ Kd8 30. Rxg7 Rxa3 31. Kd2 Rxh3 32. Ke2 h5 33. g5 fxg5 34. Rxg5 Rc3 35. Rxe5 h4 36. Kd2 Rf3 37. Ke2 Rc3 38. Rh5 h3 39. f3 h2 40. Kf2 h1Q 41. Rxh1 Rxc5 42. Re1 Rc2+ 43. Kg3 Rc7 44. Re4 Rg7+ 45. Kf4 Kd7 46. Re5 Kd6 47. Ke4 Rg1 48. Ra5 Ke6 49. Ra6+ Kf7 50. Kf5 Rb1 51. Ra7+ Kf8 52. Ra6 Kf7 53. f4 Rb5+ 54. Kg4 Rb1 55. Kg5 Rg1+ 56. Kf5 Rb1 57. Ra7+ Kf8 58. Kg5 Rb6 59. f5 Rc6 60. Kf4 Rb6 61. Rh7 Ra6 62. Ke5 Ra5+ 63. Kf6 Ra6+ 64. Kg5 Rb6 65. Rh4 Kf7 66. Rc4 Ra6 67. Rc7+ Kf8 68. f6 Ra1 1/2-1/2